[Event "Louviers op 12th"]
[Site "Louviers"]
[Date "2009.05.30"]
[Round "1"]
[White "Delengaigne, Gregory"]
[Black "Levesque, Thomas"]
[Result "0-1"]
[WhiteElo "1330"]
[BlackElo "1950"]
[PlyCount "54"]
[EventDate "2009.05.30"]
[EventType "swiss"]
[EventRounds "6"]
[EventCountry "FRA"]
[SourceTitle "EXT 2011"]
[Source "ChessBase"]
[SourceDate "2010.11.26"]
[SourceVersion "1"]
[SourceVersionDate "2010.11.26"]
[SourceQuality "1"]

1. e4 e5 2. Nf3 Nc6 3. Bc4 Bc5 4. c3 Nf6 5. d4 exd4 6. cxd4 Bb4+ 7. Bd2 Nxe4 8. Qe2 Qe7 9. Bxb4 Nxb4 10. Bxf7+ Kxf7 11. Qc4+ d5 12. Qe2 Re8 13. Ne5+ Kg8 14. 0-0 c5 15. Qe3 Nc2 16. Qb3 Nxd4 17. Qxd5+ Qe6 18. Qxe4 Qxe5 19. Qd3 Bf5 20. Qc4+ Kh8 21. Nc3 Be6 22. Qd3 c4 23. Qd2 Rad8 24. Qd1 b5 25. f4 Qc5 26. Ne4 Qc6 27. Rc1 Qxe4 0-1